La vida en la frontera sur : relaciones interétnicas y diversidad cultural /

Guardado en:
Autor Principal: González Coll, María Mercedes
Formato: Libro
Publicado: Argentina : Ediuns, 2000
Series:Extensión
Materias:
Etiquetas: Agregar Etiqueta
Sin Etiquetas, Sea el primero en etiquetar este registro!
LEADER 00680nam a22002175a 4500
001 CEM.cems012030
005 20060214000000.0
008 130507s2000##################000#0#####d
003 CEMS
020 |a 9879281497 
082 0 4 |a 982.1 
100 1 |a González Coll, María Mercedes 
245 1 0 |a La vida en la frontera sur :  |b relaciones interétnicas y diversidad cultural /  |c María Mercedes González Coll 
260 |a Argentina :  |b Ediuns,  |c 2000 
300 |a 401 p. 
490 0 |a Extensión 
653 |a Antropología 
653 |a Diversidad cultural 
653 |a Frontera sur 
653 |a Bahía blanca-historia 
859 |a CEMS  |b BIB. CEMS - 11 de abril  |h 982.1  |i G589-3  |p 22992.05  |t Ej.1